Т. 2; Неразрушающий контроль: электронное приборостроение, технологии, безопасность

Detalhes bibliográficos
Parent link:Неразрушающий контроль: электронное приборостроение, технологии, безопасность: сборник трудов IV Всероссийской научно-практической конференции студентов, аспирантов и молодых учёных, Томск, 26-30 мая 2014 г./ Национальный исследовательский Томский политехнический университет (ТПУ). Т. 2.— , 2014
Resumo:Заглавие с титульного экрана
В сборнике представлен широкий круг исследований аспирантов, студентов и молодых ученых Томска и других городов России. Сборник посвящен теоретическим и практическим аспектам неразрушающего контроля.
Idioma:russo
Publicado em: 2014
Assuntos:
Acesso em linha:http://www.lib.tpu.ru/fulltext/c/2014/C36/V2/C36_V2.pdf
Formato: Recurso Eletrônico Livro
KOHA link:https://koha.lib.tpu.ru/cgi-bin/koha/opac-detail.pl?biblionumber=608808

MARC

LEADER 00000nam2a2200000 4500
001 608808
005 20231102023137.0
035 |a (RuTPU)RU\TPU\conf\6244 
090 |a 608808 
100 |a 20141013d2014 k y0rusy50 ca 
101 0 |a rus 
102 |a RU 
105 |a a z 101zy 
135 |a drgn ---uucaa 
181 0 |a i  
182 0 |a b 
200 0 |a Т. 2 
203 |a Текст  |c электронный 
210 |d 2014 
230 |a 1 компьютерный файл (pdf; 11 MB) 
300 |a Заглавие с титульного экрана 
320 |a Библиогр. в конце статей 
330 |a В сборнике представлен широкий круг исследований аспирантов, студентов и молодых ученых Томска и других городов России. Сборник посвящен теоретическим и практическим аспектам неразрушающего контроля. 
337 |a Adobe Reader 
461 1 |0 (RuTPU)RU\TPU\conf\6241  |t Неразрушающий контроль: электронное приборостроение, технологии, безопасность  |o сборник трудов IV Всероссийской научно-практической конференции студентов, аспирантов и молодых учёных, Томск, 26-30 мая 2014 г.  |o в 2 т.  |f Национальный исследовательский Томский политехнический университет (ТПУ)  |v Т. 2  |d 2014 
606 1 |a Неразрушающий контроль  |2 stltpush  |3 (RuTPU)RU\TPU\subj\66931  |9 82903 
610 1 |a конференции 
610 1 |a труды учёных ТПУ 
610 1 |a электронный ресурс 
610 1 |a неразрушающий контроль 
610 1 |a радиография 
610 1 |a дефектоскопия 
610 1 |a радиографический контроль 
610 1 |a магнитопорошковый контроль 
610 1 |a капиллярный контроль 
610 1 |a дефекты 
610 1 |a температуропроводность 
610 1 |a системы контроля 
610 1 |a диагностика 
610 1 |a моделирование 
610 1 |a исследования 
610 1 |a мониторинг 
610 1 |a измерения 
675 |a 620.179.1(063)  |v 3 
801 2 |a RU  |b 63413507  |c 20141020  |g RCR 
856 4 |u http://www.lib.tpu.ru/fulltext/c/2014/C36/V2/C36_V2.pdf 
942 |c BK